00626nam a22001937a 45000050016000000100014000160200026000300350013000560370013000690820010000821000016000922450045001082600056001532700088002093000022002975000036003196500049003556500028004042010073108188.0 aENG-97333 a9788184350616c725.00 aEN-80866 bDBAD/PUB a333.7 aNayudu, G S aEnvironmental economics /cby G S Nayudu aNew DelhibAdhyayan Publishers & Distributorsc2008 a4378/4B, J.M.D. House, Murari Lal Street Ansari Road, Darya GanjbNew Delhie110002 a263p.c22cm, (Hb) aincludes bibliography and index aEconomic development - Environmental aspects aEnvironmental economics